Statistics for Madagascar Franchise

Click here to take the quiz!

General Stats

  • This quiz has been taken 3 times
  • The average score is 10 of 26

Answer Stats

Type Year Name Info % Correct
Film2005MadagascarDreamWorks
100%
TV Show2008-2015The Penguins of MadagascarNickelodeon / Nicktoons
100%
Film2014Penguins of MadagascarDreamWorks
100%
Film2012Madagascar 3: Europe's Most WantedDreamWorks
100%
Video Game2012Madagascar 3: The Video GameD3 Publisher
100%
Film2008Madagascar: Escape 2 AfricaDreamWorks
100%
Musical2018-PresentMadagascar: The MusicalUnited Kingdom
33%
Video Game2009Madagascar KartzActivision
0%
Video Game2011The Penguins of Madagascar: Dr. Blowhole Returns - Again!THQ
0%
Play2011-2013Madagascar Live!DreamWorks Theatricals / Broadway Across America
0%
Video Game2005Madagascar: Animal Trivia DVD Gameb Equal Company
0%
Short Film2005The Madagascar Penguins in a Christmas CaperDreamWorks
0%
Video Game2012Madagascar: Join the Circus!????
0%
TV Short2009Merry MadagascarNBC
0%
Video Game2012Madagascar Preschool Surf n' SlideJumpStart
0%
Theme Park Attraction2012-PresentMadagascar Live! Prepare to PartyChessington World of Adventures / Dreamworld
0%
Theme Park Attraction2012-PresentMadagascar Live! It's Circus TimeEverland Resort / Heide Park / Gardaland
0%
Short Film2013Madly MadagascarDreamWorks
0%
Theme Park Attraction2013-2015Madagascar Live! Operation: VacationBusch Gardens Tampa / SeaWorld San Diego
0%
Video Game2005Madagascar: Operation PenguinActivision
0%
Web Series2014-2017All Hail King JulienNetflix
0%
Video Game2012Madagascar OnlineJumpStart
0%

Score Distribution

Percentile by Number Answered

Percent of People with Each Score

Your Score History

You have not taken this quiz